[Event "Bad Wörishofen op 2012 28th"]
[Site "Bad Wörishofen (2.3.-10.3)"]
[Date "2012.03.08"]
[Round "7.69"]
[White "De Luna Butz, Alberto"]
[Black "Bauder, Herbert"]
[Result "0-1"]
[WhiteElo "1663"]
[BlackElo "1838"]
[PlyCount "46"]
[EventDate "2012.03.??"]
[EventType "swiss"]
[EventRounds "9"]
[EventCountry "GER"]
[SourceDate "2013.02.18"]
[WhiteTeam "ESP/Spanien"]
[BlackTeam "Berlin Lasker Steglitz SG"]
[WhiteTeamCountry "ESP"]

1. d4 Nf6 2. Bf4 g6 3. Nf3 Bg7 4. e3 d6 5. Be2 O-O 6. O-O Nbd7 7. c4 Qe8 8. Nc3
e5 9. dxe5 dxe5 10. Bg5 h6 11. Bh4 g5 12. Bg3 Qe7 13. Rc1 c6 14. Qc2 Ne8 15. e4
Nd6 16. Rfd1 f5 17. exf5 Nxf5 18. Ne4 Nc5 19. Nxc5 Nxg3 20. hxg3 Qxc5 21. a3 e4
22. b4 Qf5 23. Nd4 Bxd4 0-1

[Event "Bad Wörishofen op 2012 28th"]
[Site "Bad Wörishofen (2.3.-10.3)"]
[Date "2012.03.08"]
[Round "7.70"]
[White "Feicht, Roland"]
[Black "Wiesbeck, Florian"]
[Result "1/2-1/2"]
[WhiteElo "1565"]
[BlackElo "1615"]
[PlyCount "35"]
[EventDate "2012.03.??"]
[EventType "swiss"]
[EventRounds "9"]
[EventCountry "GER"]
[SourceDate "2013.02.18"]
[WhiteTeam "Augsburg Rochade SK"]
[BlackTeam "AUT/Österreich"]
[BlackTeamCountry "AUT"]

1. e4 c5 2. Nf3 e6 3. d4 cxd4 4. Nxd4 Qb6 5. Nb3 Qc7 6. Bd3 a6 7. Nc3 Nf6 8. g4
h6 9. Be3 d6 10. Qe2 Nc6 11. f4 Be7 12. g5 hxg5 13. fxg5 Nh5 14. Qf2 Ne5 15.
Be2 g6 16. O-O-O b5 17. Kb1 Bd8 18. Rhf1 1/2-1/2

[Event "Bad Wörishofen op 2012 28th"]
[Site "Bad Wörishofen (2.3.-10.3)"]
[Date "2012.03.08"]
[Round "7.71"]
[White "Herrmann, Matthias(07.62)"]
[Black "Ditmas, Hugh"]
[Result "0-1"]
[WhiteElo "1775"]
[BlackElo "1883"]
[PlyCount "76"]
[EventDate "2012.03.??"]
[EventType "swiss"]
[EventRounds "9"]
[EventCountry "GER"]
[SourceDate "2013.02.18"]
[WhiteTeam "Karlsbad SF"]
[BlackTeam "Bremer 1877 SG"]

1. f4 c5 2. Nf3 Nc6 3. b3 e6 4. Bb2 Nf6 5. e3 Be7 6. Bb5 O-O 7. O-O Qc7 8. Bxc6
Qxc6 9. Ne5 Qc7 10. c4 d6 11. Nf3 Bd7 12. Nc3 Bc6 13. d4 d5 14. Ne5 dxc4 15.
bxc4 Rfd8 16. Nb5 Qb6 17. a4 Bxb5 18. cxb5 cxd4 19. exd4 a6 20. Qd3 axb5 21.
Qxb5 Qxb5 22. axb5 Nd5 23. g3 h5 24. Nd3 Rdc8 25. f5 Ne3 26. Rxa8 Rxa8 27. Rf3
Nxf5 28. Nc5 b6 29. Nd7 Ra5 30. Rb3 Bd8 31. Nb8 Bf6 32. Nc6 Ra4 33. Rd3 Ra2 34.
Bc3 Ra3 35. Kf2 Nxd4 36. Nxd4 Rxc3 37. Rd1 Bxd4+ 38. Rxd4 Rb3 0-1

[Event "Bad Wörishofen op 2012 28th"]
[Site "Bad Wörishofen (2.3.-10.3)"]
[Date "2012.03.08"]
[Round "7.72"]
[White "Gajewski, Richard"]
[Black "Schreib, Marc"]
[Result "1-0"]
[WhiteElo "1681"]
[BlackElo "1741"]
[PlyCount "121"]
[EventDate "2012.03.??"]
[EventType "swiss"]
[EventRounds "9"]
[EventCountry "GER"]
[SourceDate "2013.02.18"]
[WhiteTeam "Gunzenhausen FC"]
[BlackTeam "Deisenhofen SF"]

1. e4 c6 2. f4 d5 3. e5 Bf5 4. d3 Nh6 5. Be2 Na6 6. Be3 d4 7. Bf2 Qb6 8. Nd2 c5
9. Nc4 Qc7 10. c3 b5 11. cxd4 cxd4 12. Rc1 Qd8 13. Qb3 Bd7 14. Nd2 Rc8 15. Rxc8
Qxc8 16. Bxd4 e6 17. Ngf3 Bc5 18. Ne4 Nf5 19. Bxc5 Nxc5 20. Qc3 Nxe4 21. Qxc8+
Bxc8 22. dxe4 Ne3 23. Bxb5+ Bd7 24. Bxd7+ Kxd7 25. Rg1 Rb8 26. b3 Rb4 27. Nd2
Rd4 28. h3 Nc2+ 29. Ke2 Nb4 30. Ra1 Nc2 31. Rc1 Nb4 32. a3 Nc6 33. Rc4 Rxc4 34.
bxc4 f6 35. exf6 gxf6 36. Kd3 Kd6 37. Nb3 e5 38. f5 Ne7 39. c5+ Kc6 40. Kc4 Kc7
41. Kb5 Nc6 42. Kc4 Kd7 43. g4 h6 44. Kb5 Kc7 45. Na5 Nd4+ 46. Kc4 Ne2 47. h4
Nf4 48. Nb3 Ng2 49. g5 fxg5 50. hxg5 hxg5 51. Kd5 g4 52. Kxe5 g3 53. f6 Nh4 54.
Nd4 g2 55. Ne2 Nf3+ 56. Kf4 g1=Q 57. Nxg1 Nxg1 58. f7 Nh3+ 59. Kg3 Ng5 60. f8=Q
Nxe4+ 61. Kg2 1-0

[Event "Bad Wörishofen op 2012 28th"]
[Site "Bad Wörishofen (2.3.-10.3)"]
[Date "2012.03.08"]
[Round "7.73"]
[White "Puetz, Peter(51)"]
[Black "Dietsche, Birgit"]
[Result "1/2-1/2"]
[WhiteElo "1437"]
[BlackElo "1305"]
[PlyCount "58"]
[EventDate "2012.03.??"]
[EventType "swiss"]
[EventRounds "9"]
[EventCountry "GER"]
[SourceDate "2013.02.18"]
[WhiteTeam "Hennef SV"]
[BlackTeam "DBSB (Blindenschachbund)"]

1. c4 e6 2. e4 d6 3. Nc3 Nf6 4. d4 Nbd7 5. Nf3 Be7 6. Be2 O-O 7. O-O b6 8. Qc2
e5 9. d5 Nc5 10. b4 Ncd7 11. h3 Re8 12. Be3 c5 13. b5 a6 14. a4 a5 15. Rad1 Nf8
16. Nh2 Ng6 17. Bd3 Nf4 18. Bxf4 exf4 19. Rde1 Bf8 20. Nf3 h6 21. e5 dxe5 22.
Nxe5 Qc7 23. Nf3 Bb7 24. Ne4 Nxe4 25. Bxe4 Qd6 26. Re2 Re7 27. Rd1 Rae8 28. Bd3
Bc8 29. Rxe7 Rxe7 1/2-1/2

[Event "Bad Wörishofen op 2012 28th"]
[Site "Bad Wörishofen (2.3.-10.3)"]
[Date "2012.03.08"]
[Round "7.74"]
[White "Engl, Heinz"]
[Black "Steinbacher, Matthias Dr"]
[Result "0-1"]
[WhiteElo "2021"]
[BlackElo "2242"]
[PlyCount "140"]
[EventDate "2012.03.??"]
[EventType "swiss"]
[EventRounds "9"]
[EventCountry "GER"]
[SourceDate "2013.02.18"]
[WhiteTeam "München Blinden SC (DBSB)"]
[BlackTeam "Gerresheim SF"]

1. e4 c5 2. Nc3 d6 3. Bc4 Nf6 4. Nf3 e6 5. d4 cxd4 6. Nxd4 a6 7. Bb3 b5 8. f3
Be7 9. Be3 Qc7 10. Qd2 Nc6 11. Nxc6 Qxc6 12. O-O O-O 13. Rfd1 Bb7 14. Ne2 Qc7
15. Rac1 d5 16. exd5 Bxd5 17. Nf4 Bxb3 18. cxb3 Qb7 19. b4 Rfd8 20. Qe1 Nd5 21.
Nxd5 Rxd5 22. Rxd5 Qxd5 23. a3 Bf6 24. Qe2 h5 25. Rc2 Rd8 26. Kf2 Qe5 27. Bb6
Rb8 28. Qxe5 Bxe5 29. Be3 Rd8 30. h3 h4 31. Ke2 Rd5 32. Bc1 Rd4 33. Be3 Rd7 34.
Bc1 Rd6 35. Bg5 Bg3 36. Be3 Rd7 37. Bg5 f6 38. Be3 Rd6 39. Bc1 g5 40. Be3 Kf7
41. Ba7 Rd7 42. Be3 Rc7 43. Bc5 Bf4 44. Rc3 Be5 45. Rc2 Ke8 46. Rd2 Rd7 47. Rc2
Rd5 48. Be3 Kd7 49. Bc1 Bd4 50. Kf1 Rd6 51. Bd2 e5 52. Ke2 Rc6 53. Bc3 Ke6 54.
Kd3 Kd5 55. Re2 Rc4 56. Re1 Bf2 57. Re2 Bg3 58. Rc2 Bf4 59. Re2 f5 60. Re1 e4+
61. fxe4+ Rxe4 62. Rd1 g4 63. hxg4 fxg4 64. Kc2+ Ke6 65. Rh1 Bg5 66. Kd1 Re3
67. Be1 h3 68. gxh3 gxh3 69. Bf2 Rb3 70. Ke1 Bf6 0-1

[Event "Bad Wörishofen op 2012 28th"]
[Site "Bad Wörishofen (2.3.-10.3)"]
[Date "2012.03.08"]
[Round "7.75"]
[White "Lindenmair, Anton"]
[Black "Kerber, Alfred"]
[Result "1-0"]
[WhiteElo "1975"]
[BlackElo "1865"]
[PlyCount "91"]
[EventDate "2012.03.??"]
[EventType "swiss"]
[EventRounds "9"]
[EventCountry "GER"]
[SourceDate "2013.02.18"]
[WhiteTeam "DBSB (Blindenschachbund)"]
[BlackTeam "AUT/Reutte SK"]
[BlackTeamCountry "AUT"]

1. d4 b5 2. e4 e6 3. Bxb5 Bb7 4. Nd2 f5 5. Bd3 Nf6 6. Qe2 c5 7. Ngf3 c4 8. Bxc4
fxe4 9. Ng5 Qb6 10. c3 Be7 11. O-O O-O 12. Re1 d5 13. Bb3 Ba6 14. Qe3 Ng4 15.
Qh3 Bxg5 16. Qxg4 Bh6 17. Nf1 Bxc1 18. Raxc1 Nd7 19. Re3 Rf6 20. Rg3 g6 21. Ne3
Raf8 22. Rc2 Qd6 23. Rh3 Qe7 24. Qh4 Qg7 25. Qh6 Qf7 26. Qh4 Rf4 27. Qg3 Bd3
28. Rd2 a5 29. Rh4 Rxh4 30. Qxh4 Nb6 31. Bd1 Nc4 32. Nxc4 Bxc4 33. b3 e3 34.
Rb2 exf2+ 35. Rxf2 Qxf2+ 36. Qxf2 Rxf2 37. Kxf2 Bd3 38. Ke3 Bf1 39. g3 Kf7 40.
b4 Ke7 41. bxa5 Kd6 42. Be2 Bh3 43. a6 Kc6 44. Kf4 h6 45. Ke5 h5 46. Bd3 1-0

[Event "Bad Wörishofen op 2012 28th"]
[Site "Bad Wörishofen (2.3.-10.3)"]
[Date "2012.03.08"]
[Round "7.76"]
[White "Koch, Harald"]
[Black "Pohlers, Juergen"]
[Result "0-1"]
[WhiteElo "1834"]
[BlackElo "1875"]
[PlyCount "47"]
[EventDate "2012.03.??"]
[EventType "swiss"]
[EventRounds "9"]
[EventCountry "GER"]
[SourceDate "2013.02.18"]
[WhiteTeam "Kissing SK"]
[BlackTeam "Leipzig Allianz BSV(DBSB)"]

1. c4 e5 2. Nc3 Nc6 3. Nf3 Nf6 4. g3 Bc5 5. Bg2 d6 6. O-O O-O 7. d3 h6 8. a3 a5
9. Bd2 Be6 10. Qc2 Qc8 11. Rfe1 Bh3 12. Bh1 Re8 13. Nd5 Ng4 14. e3 Ne7 15.
Nxe7+ Rxe7 16. b4 Ba7 17. bxa5 Qd8 18. Rab1 c6 19. Rb2 d5 20. cxd5 cxd5 21. Bb4
Rc7 22. Qb1 Rac8 23. d4 e4 24. Nh4 0-1

[Event "Bad Wörishofen op 2012 28th"]
[Site "Bad Wörishofen (2.3.-10.3)"]
[Date "2012.03.08"]
[Round "7.77"]
[White "Gaerths, Ronny"]
[Black "Schellmann, Frank"]
[Result "1-0"]
[WhiteElo "2184"]
[BlackElo "2004"]
[PlyCount "50"]
[EventDate "2012.03.??"]
[EventType "swiss"]
[EventRounds "9"]
[EventCountry "GER"]
[SourceDate "2013.02.18"]
[WhiteTeam "Kreuzberg SC"]
[BlackTeam "Halle Einheit SC"]

1. d4 Nf6 2. Nf3 g6 3. Bf4 Bg7 4. e3 d6 5. Be2 O-O 6. O-O c5 7. Nbd2 Nc6 8. c3
b6 9. Qa4 Bb7 10. h3 a6 11. Qa3 Nd7 12. Rfd1 b5 13. Qb3 Qb6 14. a4 c4 15. Qc2
d5 16. e4 e6 17. exd5 exd5 18. Nf1 Na5 19. axb5 axb5 20. h4 Nb3 21. Rxa8 Rxa8
22. Be5 Rc8 23. Ne3 Nf6 24. Bxf6 Bxf6 25. Ne5 Qd6 1-0

[Event "Bad Wörishofen op 2012 28th"]
[Site "Bad Wörishofen (2.3.-10.3)"]
[Date "2012.03.08"]
[Round "7.78"]
[White "Schelle, Artur"]
[Black "Ellinger, Peter"]
[Result "1/2-1/2"]
[WhiteElo "2169"]
[BlackElo "1923"]
[PlyCount "22"]
[EventDate "2012.03.??"]
[EventType "swiss"]
[EventRounds "9"]
[EventCountry "GER"]
[SourceDate "2013.02.18"]
[WhiteTeam "München Tarrasch SC"]
[BlackTeam "Lister Turm SK(DBSB)"]

1. e4 e5 2. Nf3 Nc6 3. d4 exd4 4. Nxd4 Bc5 5. Nxc6 bxc6 6. Bd3 Ne7 7. O-O d6 8.
Nc3 Be6 9. Re1 Qd7 10. Na4 Bb6 11. Be3 O-O 1/2-1/2

[Event "Bad Wörishofen op 2012 28th"]
[Site "Bad Wörishofen (2.3.-10.3)"]
[Date "2012.03.08"]
[Round "7.79"]
[White "Lang, Ludwig"]
[Black "Steinhart, Matthias"]
[Result "0-1"]
[WhiteElo "1117"]
[BlackElo "1586"]
[PlyCount "42"]
[EventDate "2012.03.??"]
[EventType "swiss"]
[EventRounds "9"]
[EventCountry "GER"]
[SourceDate "2013.02.18"]
[WhiteTeam "Bobingen SK"]
[BlackTeam "DBSB (Blindenschachbund)"]

1. e4 e5 2. Nf3 Nc6 3. Bb5 a6 4. Bxc6 dxc6 5. d3 f6 6. O-O Be6 7. a3 Qd7 8. Nc3
O-O-O 9. Be3 Bd6 10. h3 Ne7 11. d4 exd4 12. Nxd4 Bc4 13. Re1 c5 14. Nf3 Qe8 15.
Nd2 Be6 16. Nf3 Bh2+ 17. Nxh2 Rxd1 18. Raxd1 b6 19. b4 c4 20. a4 Qg6 21. Ng4 h5
0-1

[Event "Bad Wörishofen op 2012 28th"]
[Site "Bad Wörishofen (2.3.-10.3)"]
[Date "2012.03.08"]
[Round "7.80"]
[White "Ries, Heinz-Gerd Dr"]
[Black "Wiessner, Johann"]
[Result "1/2-1/2"]
[WhiteElo "1740"]
[BlackElo "1755"]
[PlyCount "49"]
[EventDate "2012.03.??"]
[EventType "swiss"]
[EventRounds "9"]
[EventCountry "GER"]
[SourceDate "2013.02.18"]
[WhiteTeam "Muengersdorf SF"]
[BlackTeam "Lechhausen SC"]

1. d4 Nf6 2. Nf3 g6 3. c4 Bg7 4. Nc3 O-O 5. e4 d6 6. h3 e5 7. d5 Nh5 8. Be2 f5
9. Bg5 Nf6 10. exf5 Bxf5 11. g4 Bc8 12. Qd2 Qe8 13. Bxf6 Bxf6 14. Ne4 Bg7 15.
O-O-O Nd7 16. Rdg1 Nf6 17. Nxf6+ Rxf6 18. Qe3 Bd7 19. Kb1 c6 20. h4 Qf8 21. Rh2
b6 22. h5 Rf4 23. hxg6 hxg6 24. Ng5 Qf6 25. Ne4 1/2-1/2

[Event "Bad Wörishofen op 2012 28th"]
[Site "Bad Wörishofen (2.3.-10.3)"]
[Date "2012.03.08"]
[Round "7.81"]
[White "Hirstel, Serge"]
[Black "Stoll, Katja"]
[Result "1/2-1/2"]
[WhiteElo "1768"]
[BlackElo "1711"]
[PlyCount "64"]
[EventDate "2012.03.??"]
[EventType "swiss"]
[EventRounds "9"]
[EventCountry "GER"]
[SourceDate "2013.02.18"]
[WhiteTeam "FRA/Frankreich"]
[BlackTeam "Ulm Weisse Dame SC"]
[WhiteTeamCountry "FRA"]

1. e4 e5 2. Nf3 Nf6 3. Nxe5 d6 4. Nf3 Nxe4 5. Nc3 Nxc3 6. dxc3 Bg4 7. Be2 Be7
8. Be3 Nd7 9. h3 Be6 10. Qd2 Ne5 11. O-O-O O-O 12. Kb1 a5 13. Nxe5 dxe5 14. Bd3
c6 15. Qe2 Qc7 16. g4 b5 17. Be4 Rad8 18. f3 Bc4 19. Qf2 c5 20. f4 b4 21. b3
bxc3 22. fxe5 a4 23. Qf3 axb3 24. cxb3 Be6 25. Bf4 Qa5 26. Rxd8 Rxd8 27. Rc1 c4
28. Qxc3 Bb4 29. Qc2 cxb3 30. axb3 Qa3 31. Qa2 Bxb3 32. Qxa3 Bxa3 1/2-1/2

[Event "Bad Wörishofen op 2012 28th"]
[Site "Bad Wörishofen (2.3.-10.3)"]
[Date "2012.03.08"]
[Round "7.83"]
[White "Rennenkampff, Juergen"]
[Black "Von Saldern, Ruediger"]
[Result "1/2-1/2"]
[WhiteElo "1678"]
[BlackElo "1905"]
[PlyCount "106"]
[EventDate "2012.03.??"]
[EventType "swiss"]
[EventRounds "9"]
[EventCountry "GER"]
[SourceDate "2013.02.18"]
[WhiteTeam "Trudering SC"]
[BlackTeam "Starnberger See SF"]

1. c4 c6 2. Nc3 d5 3. cxd5 cxd5 4. d4 Nf6 5. Nf3 e6 6. Bg5 Be7 7. e3 O-O 8. Bd3
h6 9. Bh4 a6 10. O-O b5 11. a3 Bb7 12. Rc1 Nbd7 13. a4 bxa4 14. Nxa4 Qa5 15.
Bxf6 Bxf6 16. b4 Qd8 17. Nc5 Bc8 18. Ra1 a5 19. Qd2 Nxc5 20. bxc5 Bd7 21. Rfb1
Qc7 22. Rb6 e5 23. Bf1 e4 24. Ne1 Bd8 25. Rab1 Qc8 26. R6b3 Bc6 27. Bb5 Qd7 28.
Bxc6 Qxc6 29. Qb2 Bc7 30. Nc2 Rfc8 31. Qa2 Rd8 32. Na3 Rd7 33. Nb5 Bd8 34. Nd6
Bc7 35. Nb5 Bd8 36. Nc3 Bc7 37. Na4 Rdd8 38. Nc3 Rd7 39. Na4 Rdd8 40. g3 g6 41.
Nb6 Ra6 42. Na4 Raa8 43. Nc3 Rd7 44. Nb5 Bd8 45. Nd6 Kg7 46. Nb5 Ra6 47. Nc3
Bc7 48. Qa4 Qxa4 49. Nxa4 Kf6 50. Rb7 Ke7 51. Nb6 Bxb6 52. R1xb6 Rxb6 53. Rxb6
Ra7 1/2-1/2

[Event "Bad Wörishofen op 2012 28th"]
[Site "Bad Wörishofen (2.3.-10.3)"]
[Date "2012.03.08"]
[Round "7.84"]
[White "Goede, Heiko"]
[Black "Lampert, Joshua"]
[Result "1-0"]
[WhiteElo "1750"]
[BlackElo "1504"]
[PlyCount "67"]
[EventDate "2012.03.??"]
[EventType "swiss"]
[EventRounds "9"]
[EventCountry "GER"]
[SourceDate "2013.02.18"]
[WhiteTeam "Sülz-Klettenberg SK"]
[BlackTeam "Hamburger SK"]

1. Nf3 Nf6 2. g3 g6 3. Bg2 Bg7 4. d3 O-O 5. O-O d6 6. Nbd2 c5 7. e4 Nbd7 8. a4
a6 9. Nc4 Ne8 10. c3 Nc7 11. Bg5 b6 12. a5 Ne6 13. h4 b5 14. Ncd2 Nxg5 15. Nxg5
Rb8 16. Qc2 h6 17. Ngf3 Qc7 18. Rfc1 Bb7 19. d4 Ba8 20. b4 c4 21. Re1 Rfd8 22.
Nf1 Nf6 23. N3h2 h5 24. f4 d5 25. e5 Ne4 26. Nf3 Qd7 27. Ng5 Nxg5 28. hxg5 Bb7
29. e6 fxe6 30. Qxg6 Qe8 31. Qxe6+ Qf7 32. Qxe7 Qxe7 33. Rxe7 Re8 34. Rxb7 1-0

[Event "Bad Wörishofen op 2012 28th"]
[Site "Bad Wörishofen (2.3.-10.3)"]
[Date "2012.03.08"]
[Round "7.85"]
[White "Fischer, Peter(57)"]
[Black "Bangert, Ruediger"]
[Result "0-1"]
[WhiteElo "1436"]
[BlackElo "1463"]
[PlyCount "22"]
[EventDate "2012.03.??"]
[EventType "swiss"]
[EventRounds "9"]
[EventCountry "GER"]
[SourceDate "2013.02.18"]
[WhiteTeam "Memmingen Post SV"]
[BlackTeam "GER/Erlangen Siemens SG"]
[BlackTeamCountry "GER"]

1. e4 Nc6 2. Nf3 d6 3. d4 Bg4 4. Be2 e6 5. O-O g6 6. c3 a6 7. Be3 Bg7 8. Re1
Nf6 9. Nbd2 h5 10. h3 Bxf3 11. Nxf3 Nxe4 0-1

[Event "Bad Wörishofen op 2012 28th"]
[Site "Bad Wörishofen (2.3.-10.3)"]
[Date "2012.03.08"]
[Round "7.86"]
[White "Humburg, Eduard"]
[Black "Cerusico, Carlo"]
[Result "1-0"]
[WhiteElo "1179"]
[BlackElo "1191"]
[PlyCount "55"]
[EventDate "2012.03.??"]
[EventType "swiss"]
[EventRounds "9"]
[EventCountry "GER"]
[SourceDate "2013.02.18"]
[WhiteTeam "Wolfratshausen SC"]
[BlackTeam "ITA/Italien"]
[BlackTeamCountry "ITA"]

1. c4 g6 2. d4 Bg7 3. e4 h6 4. Nf3 e6 5. e5 Ne7 6. Bd3 c6 7. O-O b6 8. Nc3 a6
9. c5 Bb7 10. Na4 Nc8 11. b4 b5 12. Nc3 Ne7 13. a4 Qc7 14. Bf4 g5 15. Bg3 Nf5
16. Bxf5 exf5 17. h3 f4 18. Nxg5 fxg3 19. Nxf7 Kxf7 20. fxg3+ Ke7 21. Qh5 Rf8
22. Rxf8 Kxf8 23. Rf1+ Kg8 24. Qg6 Qd8 25. Rf7 Qf8 26. Rxf8+ Kxf8 27. Ne4 bxa4
28. Nd6 1-0

[Event "Bad Wörishofen op 2012 28th"]
[Site "Bad Wörishofen (2.3.-10.3)"]
[Date "2012.03.09"]
[Round "8.2"]
[White "Pap, Misa"]
[Black "Zubarev, Alexander"]
[Result "1-0"]
[WhiteElo "2531"]
[BlackElo "2571"]
[PlyCount "197"]
[EventDate "2012.03.??"]
[EventType "swiss"]
[EventRounds "9"]
[EventCountry "GER"]
[SourceDate "2013.02.18"]
[WhiteTeam "Korbach Sfr."]
[BlackTeam "Siegburg 1919 SC"]

1. e4 d6 2. d4 Nf6 3. Nc3 g6 4. Be3 a6 5. f3 b5 6. Qd2 Bb7 7. g4 h5 8. g5 Nfd7
9. a4 b4 10. Nd1 c5 11. d5 Bg7 12. Nh3 O-O 13. Be2 a5 14. O-O Nb6 15. Nf4 N8d7
16. Bb5 Ba6 17. Bxa6 Rxa6 18. Qe2 Qc8 19. Ra2 c4 20. b3 Nc5 21. Bxc5 Qxc5+ 22.
Kh1 Ra7 23. Ng2 Re8 24. Nb2 Rc7 25. Ne3 cxb3 26. cxb3 Qc3 27. Nbc4 Nxc4 28.
Nxc4 Qxb3 29. Nxa5 Qc3 30. Rb1 Ra8 31. Nc6 Rxc6 32. dxc6 Qxc6 33. a5 b3 34.
Rxb3 Qc1+ 35. Kg2 Qxg5+ 36. Kh3 Rxa5 37. Rxa5 Qxa5 38. Qb5 Qxb5 39. Rxb5 Be5
40. Kg2 Kg7 41. h3 Kf6 42. Rb7 Ke6 43. Kf2 Bf4 44. Ke2 Bh2 45. Ke3 Bg1+ 46. Ke2
g5 47. Rb5 Bc5 48. Rb8 h4 49. f4 gxf4 50. Kf3 d5 51. Rh8 Be3 52. Rh5 d4 53. Ke2
Kf6 54. Rb5 e6 55. Rh5 Bg1 56. Rb5 Kg6 57. Rb8 Be3 58. Rb5 f6 59. Ra5 Bg1 60.
Ra8 Be3 61. Ra5 Kf7 62. Ra7+ Kg6 63. Re7 e5 64. Rd7 Bg1 65. Kf3 Be3 66. Kg4 Bf2
67. Kf3 Be1 68. Kg4 Bb4 69. Rb7 Bc5 70. Rc7 Bd6 71. Rd7 Bf8 72. Rb7 Bh6 73. Rd7
Bf8 74. Ra7 Bc5 75. Rc7 Bd6 76. Rd7 Bf8 77. Kxh4 f5 78. exf5+ Kxf5 79. Rf7+ Ke4
80. Rxf8 d3 81. Kg4 d2 82. Rd8 Ke3 83. h4 e4 84. h5 f3 85. h6 f2 86. h7 f1=Q
87. h8=Q Qf4+ 88. Kh3 Qf3+ 89. Kh2 d1=Q 90. Qc3+ Qd3 91. Qc1+ Ke2 92. Qb2+ Kf1
93. Qc1+ Kf2 94. Qc5+ Ke2 95. Rxd3 exd3 96. Qe5+ Kf1 97. Qg5 Qe2+ 98. Kh1 d2
99. Qg1# 1-0

[Event "Bad Wörishofen op 2012 28th"]
[Site "Bad Wörishofen (2.3.-10.3)"]
[Date "2012.03.09"]
[Round "8.5"]
[White "Lampert, Jonas"]
[Black "Gutman, Lev"]
[Result "0-1"]
[WhiteElo "2216"]
[BlackElo "2435"]
[PlyCount "71"]
[EventDate "2012.03.??"]
[EventType "swiss"]
[EventRounds "9"]
[EventCountry "GER"]
[SourceDate "2013.02.18"]
[WhiteTeam "Hamburger SK"]
[BlackTeam "Lingen SV"]

1. d4 Nf6 2. c4 g6 3. Nc3 d5 4. cxd5 Nxd5 5. e4 Nxc3 6. bxc3 Bg7 7. Bc4 O-O 8.
Ne2 c5 9. O-O Nd7 10. Be3 Qa5 11. Rb1 a6 12. Qd2 Rd8 13. Bg5 Nf6 14. Qf4 b5 15.
Bxf6 exf6 16. Bd5 Ra7 17. dxc5 f5 18. Nd4 Bxd4 19. cxd4 fxe4 20. Bxe4 Rxd4 21.
Qe5 Qd8 22. Bf3 Re7 23. Qf6 Red7 24. Qe5 Qc7 25. Rfe1 Qxe5 26. Rxe5 Kf8 27. c6
Rc7 28. Rd5 Rc4 29. Rdd1 Bg4 30. Bxg4 Rxg4 31. Rd8+ Ke7 32. Rh8 h5 33. Re1+ Kd6
34. Rd8+ Kxc6 35. Rf8 Rc4 36. g3 0-1

[Event "Bad Wörishofen op 2012 28th"]
[Site "Bad Wörishofen (2.3.-10.3)"]
[Date "2012.03.09"]
[Round "8.8"]
[White "Friedrich, Norbert(66)"]
[Black "Levin, Felix"]
[Result "0-1"]
[WhiteElo "2292"]
[BlackElo "2472"]
[PlyCount "62"]
[EventDate "2012.03.??"]
[EventType "swiss"]
[EventRounds "9"]
[EventCountry "GER"]
[SourceDate "2013.02.18"]
[WhiteTeam "Waldshut-Tiengen SG"]
[BlackTeam "Mülheim-Nord SV"]

1. e4 c5 2. c3 Nf6 3. e5 Nd5 4. Nf3 e6 5. d4 cxd4 6. cxd4 b6 7. Nc3 Nxc3 8.
bxc3 Qc7 9. Bd2 d6 10. Bd3 Nd7 11. Ng5 Bb7 12. Qh5 g6 13. Qh3 dxe5 14. Bxg6
hxg6 15. Qxh8 Ba6 16. Qh3 Nf6 17. dxe5 Qxe5+ 18. Qe3 Ng4 19. Qxe5 Nxe5 20. f4
Nd3+ 21. Ke2 Nxf4+ 22. Kf3 Nd3 23. Be3 e5 24. Rhd1 Rc8 25. Bd2 f5 26. g3 Bg7
27. a4 Ke7 28. a5 b5 29. h4 e4+ 30. Ke3 Nb2 31. Rdc1 Nc4+ 0-1

[Event "Bad Wörishofen op 2012 28th"]
[Site "Bad Wörishofen (2.3.-10.3)"]
[Date "2012.03.09"]
[Round "8.11"]
[White "Melamed, Tetyana"]
[Black "Gaerths, Ronny"]
[Result "1-0"]
[WhiteElo "2332"]
[BlackElo "2184"]
[PlyCount "45"]
[EventDate "2012.03.??"]
[EventType "swiss"]
[EventRounds "9"]
[EventCountry "GER"]
[SourceDate "2013.02.18"]
[WhiteTeam "Magdeburg  Aufbau Elbe SG"]
[BlackTeam "Kreuzberg SC"]

1. e4 g6 2. d4 Bg7 3. Nc3 d6 4. f4 Nc6 5. Be3 e6 6. Nf3 Nf6 7. Qd2 a6 8. h3 b5
9. Bd3 Bb7 10. O-O Ne7 11. a3 Rc8 12. f5 exf5 13. exf5 O-O 14. Bh6 c5 15. fxg6
hxg6 16. Bxg7 Kxg7 17. Ng5 c4 18. Rxf6 Kxf6 19. Rf1+ Kg7 20. Rxf7+ Rxf7 21.
Ne6+ Kh7 22. Nxd8 Rxd8 23. Be4 1-0

[Event "Bad Wörishofen op 2012 28th"]
[Site "Bad Wörishofen (2.3.-10.3)"]
[Date "2012.03.09"]
[Round "8.13"]
[White "Lodes, Hermann"]
[Black "Meister, Jakob"]
[Result "0-1"]
[WhiteElo "2060"]
[BlackElo "2429"]
[PlyCount "52"]
[EventDate "2012.03.??"]
[EventType "swiss"]
[EventRounds "9"]
[EventCountry "GER"]
[SourceDate "2013.02.18"]
[WhiteTeam "GER/Burgsinn SF"]
[BlackTeam "Berlin Zehlendorf SK"]
[WhiteTeamCountry "GER"]

1. e4 c5 2. c4 Nc6 3. Nc3 g6 4. g3 Bg7 5. Bg2 a6 6. Nge2 Rb8 7. f4 b5 8. cxb5
axb5 9. O-O Nd4 10. Nxd4 Bxd4+ 11. Kh1 d6 12. h3 Bg7 13. Qe2 b4 14. Nd5 e6 15.
Ne3 Ne7 16. f5 Nc6 17. f6 Bf8 18. g4 Bh6 19. d3 e5 20. Nd5 Bxc1 21. Raxc1 Be6
22. Qd2 Qd7 23. Kh2 Bxd5 24. exd5 Nd4 25. Be4 b3 26. a3 h5 0-1

[Event "Bad Wörishofen op 2012 28th"]
[Site "Bad Wörishofen (2.3.-10.3)"]
[Date "2012.03.09"]
[Round "8.14"]
[White "Ivanov, Mikhail M(69)"]
[Black "Keller, Manfred(45)"]
[Result "1-0"]
[WhiteElo "2368"]
[BlackElo "2127"]
[PlyCount "83"]
[EventDate "2012.03.??"]
[EventType "swiss"]
[EventRounds "9"]
[EventCountry "GER"]
[SourceDate "2013.02.18"]
[WhiteTeam "Bad Mergentheim SF"]
[BlackTeam "Pang/Rosenheim SG"]

1. Nf3 d5 2. c4 e6 3. d4 Nf6 4. Bg5 Bb4+ 5. Nc3 dxc4 6. Qa4+ Nc6 7. a3 Bxc3+ 8.
bxc3 Qd5 9. Bxf6 gxf6 10. Qc2 Qa5 11. e3 b5 12. Be2 Bb7 13. O-O Ne7 14. a4 Nd5
15. axb5 Qxc3 16. Qa2 Qb3 17. Bxc4 Qxa2 18. Rxa2 Rg8 19. Ne1 Ke7 20. g3 Kd6 21.
Nd3 Nb6 22. Nc5 Bf3 23. Be2 Bd5 24. Ra6 e5 25. e4 exd4 26. exd5 Kxc5 27. Rc1+
Kd6 28. Bf3 d3 29. Ra3 d2 30. Rc6+ Ke5 31. Rd3 Rad8 32. Rxc7 Rd7 33. Rxd7 Nxd7
34. Rxd2 Rb8 35. Rb2 Nb6 36. Ra2 Nxd5 37. Rxa7 Rxb5 38. Rxf7 Rb1+ 39. Kg2 Nc3
40. Rxh7 Rb2 41. Re7+ Kf5 42. h4 1-0